00222nam a2200085 a 450000500170000000800410001705000170005824500240007526000370009920140414132053.0110714s19uu xx 00 eng d aERbF92 1993 aFrosty the snowman. aAshland, Ohio :bLandoll,c1993.